<?xml version="1.0" encoding="UTF-8"?>
<record
    xmlns:xsi="http://www.w3.org/2001/XMLSchema-instance"
    xsi:schemaLocation="http://www.loc.gov/MARC21/slim http://www.loc.gov/standards/marcxml/schema/MARC21slim.xsd"
    xmlns="http://www.loc.gov/MARC21/slim">

  <leader>01541nam a22001937a 4500</leader>
  <controlfield tag="008">120710t        xxu||||| |||| 00| 0 eng d</controlfield>
  <datafield tag="020" ind1=" " ind2=" ">
    <subfield code="a">9780136091820</subfield>
  </datafield>
  <datafield tag="050" ind1=" " ind2=" ">
    <subfield code="a">T58.5.S64</subfield>
  </datafield>
  <datafield tag="100" ind1=" " ind2=" ">
    <subfield code="a">Snyder, Lawrence </subfield>
  </datafield>
  <datafield tag="245" ind1=" " ind2=" ">
    <subfield code="a">Fluency with information technology: skills, concepts, and capabilities. /</subfield>
    <subfield code="c">Lawrence Snyder</subfield>
  </datafield>
  <datafield tag="250" ind1=" " ind2=" ">
    <subfield code="a">4th  ed.</subfield>
  </datafield>
  <datafield tag="260" ind1=" " ind2=" ">
    <subfield code="a">London:</subfield>
    <subfield code="b">Addison-Wesley,</subfield>
    <subfield code="c">2011.</subfield>
  </datafield>
  <datafield tag="300" ind1=" " ind2=" ">
    <subfield code="a">xviii, 795 p.:</subfield>
    <subfield code="b">ill.;</subfield>
  </datafield>
  <datafield tag="500" ind1=" " ind2=" ">
    <subfield code="a">Includes index</subfield>
  </datafield>
  <datafield tag="505" ind1=" " ind2=" ">
    <subfield code="a">Contents: Defining information technology -- Exploring the human-computer interface -- The basics of networking -- AS hypertext markup language primer -- Locating information on the WWW -- A case study in online research -- An introduction to debugging -- Representing information digitally -- Principles of computer operations -- Algorithmic thinking -- Representing multimedia digitally -- Social implications of IT -- Privacy and digital security -- The basics of spreadsheets -- Advanced spreadsheets for planning -- Introduction to database concepts -- A case study in database organization -- Fundamental concepts expressed in JavaScript -- A Java Script program -- Programming functions -- Iteration principles -- A case study in algorithmic problem solving -- Limits to computation -- A fluency summary --    Appendices: XHTML reference -- iDiary: tags and templates -- JavaScript programming rules -- Bean counter program -- Memory bank code -- Smooth motion program --  </subfield>
  </datafield>
  <datafield tag="650" ind1=" " ind2=" ">
    <subfield code="a">Information technology</subfield>
  </datafield>
  <datafield tag="650" ind1=" " ind2=" ">
    <subfield code="a">Computer literacy</subfield>
  </datafield>
  <datafield tag="942" ind1=" " ind2=" ">
    <subfield code="2">lcc</subfield>
    <subfield code="c">BK</subfield>
  </datafield>
  <datafield tag="999" ind1=" " ind2=" ">
    <subfield code="c">7447</subfield>
    <subfield code="d">14947</subfield>
  </datafield>
  <datafield tag="952" ind1=" " ind2=" ">
    <subfield code="0">0</subfield>
    <subfield code="1">0</subfield>
    <subfield code="2">lcc</subfield>
    <subfield code="4">0</subfield>
    <subfield code="7">0</subfield>
    <subfield code="a">WIUC-KL</subfield>
    <subfield code="b">WIUC-KL</subfield>
    <subfield code="c">GEN</subfield>
    <subfield code="d">2019-11-15</subfield>
    <subfield code="o">T58.5.S64(4e)</subfield>
    <subfield code="p">K/2414/2414/19</subfield>
    <subfield code="r">2020-07-07 00:00:00</subfield>
    <subfield code="w">2020-07-07</subfield>
    <subfield code="y">BK</subfield>
  </datafield>
</record>
